000 00603nam a2200205Ia 4500
005 20250923145324.0
008 008 250917s9999 xx 000 0 eng d
037 _aTextual
040 _aDSWL
_beng
_cDSWL
041 _aeng
_2eng
084 _aY744-9(T4).77, N74
_qDSWL
100 _aGandhi, R.S.
_9834051
245 0 _aLocals and cosmopolitans of Little India
_c by R.S. Gandhi
260 _aBombay
_bPopular Prakashan
_c1974
300 _axx,214 p.
365 _aINR
_b40 . 50
925 _g40 . 50
942 _cTEXL
_hY744-9(T4).77, N74
999 _c1449956
_d1449956